000 01063nam a2200325 c 4500
999 _c170364
_d170364
003 BLK
005 20250719154108.0
008 180411b bul|||||r ||||||| ||bul||
010 _aKNG00178502000
020 _a978-619-00-0058-7
040 _aBLK
041 _aBUL
_cBUL
080 _aБългарска литература
_b821.163.2
_x-32
_z821.163.2-32
100 1 _aСтанков, Иван Герасимов
_eпърви автор
_9364794
139 _aСтанков, Иван Герасимов
_bС 69
245 1 0 _aСпомени за вода. Dm
_cИван Станков.
257 _aBGR
260 _aВелико Търново
_bФабер
_c2014
300 _a192 с.
_c23 см
380 _aX
500 _aСъдържа и за авт.
653 _aразкази
852 _aЦб 275526
856 4 _qpdf
856 4 _qpdf
942 _cKNG
_n0
_032
_s1
944 _aCR
_c20.07.2015
_lЦветомила Тодорова
_k30576
944 _aED
_c28.06.2017
_lф /
_kВиолета_Тройчева
999 _d170364